| 000 | 01115nam a2200325 a 4500 | ||
|---|---|---|---|
| 001 | 411680 | ||
| 003 | OSt | ||
| 005 | 20140310182112.0 | ||
| 008 | 720424s1972 ilu b 001 0 eng | ||
| 010 | _a 71178230 //r96 | ||
| 040 |
_aLC _beng _cLC _dLC |
||
| 043 | _an-us--- | ||
| 050 | 0 | 0 |
_aE 173 _b.B932 1972 vol.2 |
| 082 |
_aHS 970 _bF88 1972 |
||
| 100 | 1 |
_aFreidel, Frank, _eed. _913487 |
|
| 245 | 1 | 0 |
_aBuilders of American institutions : _breadings in United States history / _cFrank Freidel, Norman Pollack, Robert Cruden. |
| 250 | _a2d ed. | ||
| 260 |
_aChicago, _bRand McNally _c[1972] |
||
| 300 |
_a350 p. ; _c23 cm. |
||
| 490 | 0 | _aRand McNally history series | |
| 504 | _aIncludes bibliographical references. | ||
| 505 | 0 | _av. 1. Seventeenth century through Reconstruction.--v. 2. Reconstruction to the present. | |
| 651 | 0 |
_aUnited States _xHistory _xSources. _913488 |
|
| 651 | 0 |
_aUnited States _xHistory. _913489 |
|
| 700 | 1 |
_aCrunden, Robert Morse, _ejoint ed. _913490 |
|
| 700 | 1 |
_aPollack, Norman, _ejoint ed. _913491 |
|
| 942 | _2lcc | ||
| 999 |
_c9402 _d9402 |
||